Problemática del desarrollo en Africa Sudsahariana: capitalismo, socialismo africano y vías africanas al socialismo
Zapisane w:
| 1. autor: | |
|---|---|
| Format: | Texto |
| Wydane: |
La Habana:
Palacio de las Convenciones
|
| Hasła przedmiotowe: | |
| Etykiety: |
Dodaj etykietę
Nie ma etykietki, Dołącz pierwszą etykiete!
|
MARC
| LEADER | 00000 a a2200000 04500 | ||
|---|---|---|---|
| 001 | 14056 | ||
| 003 | |||
| 040 | |||
| 090 | |a 0001 S456s | ||
| 100 | |a Varela Barraza, Hilda | ||
| 245 | |a Problemática del desarrollo en Africa Sudsahariana: capitalismo, socialismo africano y vías africanas al socialismo | ||
| 260 | |a La Habana: |b Palacio de las Convenciones | ||
| 300 | |a 21 p | ||
| 650 | |a ASPECTOS POLITICOS | ||
| 650 | |a ASPECTOS ECONOMICOS | ||
| 650 | |a RELACIONES ECONOMICAS INETRNACIONALES | ||
| 650 | |a IMPERIALISMO | ||
| 650 | |a DESCOLONIZACION | ||
| 650 | |a CAPITALISMO | ||
| 650 | |a SOCIALISMO | ||
| 650 | |a AFRICA | ||
| 999 | |c 6165 |d 6165 | ||
